| 000 | 00389 a2200121 4500 | ||
|---|---|---|---|
| 001 | ART_45209 | ||
| 005 | 20260410161925.0 | ||
| 008 | 260409a | ||
| 245 | 1 | 0 | _aMonetary and fiscal policy in a two-sector agregative model |
| 100 | 1 | _aHenderson, Dale W. | |
| 700 | 1 | _aSargent, Thomas J. | |
| 773 | 0 |
_tThe American Economic Review _g- Vol. 63,NÂș 3 (jun. 1973) _wREV16190 |
|
| 999 |
_c28047 _d28047 |
||